Statistics for U.S. States with the Largest Norwegian Populations

Click here to take the quiz!

General Stats

  • This quiz has been taken 163 times
  • The average score is 8 of 10

Answer Stats

RankNorwegian PopulationState% Correct
3412,177California
93%
1868,361Minnesota
88%
4410,818Washington
84%
9129,081Texas
84%
5199,154North Dakota
79%
2466,469Wisconsin
78%
8164,676Oregon
78%
7171,745Illinois
74%
6173,640Iowa
65%
10124,618Arizona
48%

Score Distribution

Percentile by Number Answered

Percent of People with Each Score

Your Score History

You have not taken this quiz